| 000 | 00916nam a2200277 a 4500 | ||
|---|---|---|---|
| 999 |
_c200443410 _d61622 |
||
| 001 | 40598 | ||
| 003 | TR-AnTOB | ||
| 005 | 20210903163213.0 | ||
| 008 | 051101s2001 TR 00010 TUR | ||
| 040 |
_aTR-AnTOB _beng _cTR-AnTOB |
||
| 050 | _aKKX3067 | ||
| 090 |
_aKKX3067 _bU21 1985 |
||
| 099 | _a344.426 SAY 1985 | ||
| 245 | 0 | _a3194 sayılı imar kanunu ve ilgili yönetmelikler-2001. | |
| 264 |
_aAnkara: _bBayındırlık ve İskan Bakanlığı, _c2001. |
||
| 300 |
_a120 pages; _c24 cm. |
||
| 336 |
_2rdacontent _atext _btxt |
||
| 337 |
_2rdamedia _aunmediated _bn |
||
| 338 |
_2rdacarrier _avolume _bnc |
||
| 440 |
_aBayındırlık ve İskan Bakanlığı Teknik Araştırma ve Uygulama Gene Müdürlüğü yayın no: _v108. |
||
| 650 |
_aİmar Hukuku _zTürkiye. |
||
| 650 |
_aBina hukuku _zTürkiye. |
||
| 710 | 2 | _aBayındırlık ve İskan Bakanlığı. | |
| 942 |
_2z _cBK |
||